000 00277nam a22001217a 4500
082 _a158
_bBAN/S
100 _aBANSAL,RASHMI
245 _aSTAY HUNGRY STAY FOOLISH
260 _aNEW DELHI
_bWESTLAND
300 _a363
650 _aPERSONALITY DEVELOPMENT
_zNEW DELHI
942 _cBK
999 _c5190
_d5190